000 00500nam a22001817a 4500
005 20251108171839.0
008 250721s2002 xx 000 0 ara d
082 1 4 _a631.4/شما
100 1 _aالشمالي، خالد خيري
245 1 0 _aأساسيات علوم الأراضي و الأتربة /
264 _c2002.
300 _a336 ص
650 1 7 _aالأراضي الزراعية
650 1 7 _aالتربة
650 1 7 _aعلوم التربة
942 _2ddc
_cBK
999 _c64140
_d64140